000 00552nam a2200205 a 4500
001 BRCA_3641
005 20190320204350.0
008 260809s1962----gw a---###---#000-0#ger-#
041 _ager
044 _agw
050 4 _aAG27
_b.K63 1962
245 1 0 _aKnaurs lexicon A-Z.
260 _aMünchen
_bDroemersch Verlagranstalt
_c1962
300 _a1963 columnas
_bil., mapas
500 _aDiccionario inventariado por Banco de México como libro
500 _aB311
650 1 4 _aEnciclopedias y diccionarios
_99441
902 _aGFM
942 _2lcc
_cB
999 _c3376
_d3376